[Event "Club Championships"]
[Site "Wellington Chess Club"]
[Date "2017.10.19"]
[Round "5.2.3"]
[White "Coghini, Phillip"]
[Black "Aldridge, Alan"]
[Result "1-0"]
[WhiteElo "1888"]
[BlackElo "1936"]

1. d4 Nf6 2. Bf4 d5 3. e3 Bf5 4. c3 e6 5. Nf3 Bd6 6. Bd3 Bxd3 7. Qxd3 Bxf4 8.
exf4 O-O 9. Ne5 Nbd7 10. Nd2 c5 11. O-O cxd4 12. Qxd4 Qc7 13. f3 Rfc8 14. Rfc1
b5 15. a4 a6 16. b3 h6 17. Kf2 Ne8 18. c4 Qb6 19. Qxb6 Nxb6 20. a5 Nxc4 21.
bxc4 dxc4 22. Ne4 f5 23. Nc3 Nf6 24. Rd1 Rd8 25. Rxd8+ Rxd8 26. Rd1 Nd5 27. Nc6
Rd6 28. Nxd5 exd5 29. Ne7+ Kf7 30. Nxd5 b4 31. Ke2 b3 32. Nc3 Ke6 33. Ke3 Rxd1
34. Nxd1 Kd5 35. g4 g6 36. h3 Kc5 37. Kd2 Kd5 38. Nc3+ Kc5 39. Ke3 h5 40. gxh5
gxh5 41. h4 b2 42. Na4+ Kb4 43. Nxb2 Kc3 44. Nd1+ Kc2 45. Ke2 c3 46. Ne3+ Kb2
47. Kd3 Kb3 48. Kd4 Kb4 49. Nd5+ 1-0

[Event "Club Championships"]
[Site "Wellington Chess Club"]
[Date "2017.10.19"]
[Round "5.2.4"]
[White "Chen, Wei Kai"]
[Black "Stoeveken, Peter"]
[Result "0-1"]
[WhiteElo "1813"]
[BlackElo "1849"]

1. b3 c5 2. Bb2 Nc6 3. e3 e6 4. f4 Nf6 5. Nf3 d5 6. Be2 Be7 7. O-O O-O 8. Qe1
d4 9. Na3 dxe3 10. dxe3 Nd5 11. Rd1 Qc7 12. Bd3 Bf6 13. Nb5 Qe7 14. Ne5 Nxe5
15. Bxe5 Bxe5 16. fxe5 Qg5 17. Rf3 Qxe5 18. Qh4 h6 19. Rg3 Kh8 20. Rf1 a6 21.
Na3 b5 22. c4 bxc4 23. Nxc4 (23. Rxf7 $1 Re8 (23... Qa1+ 24. Nb1 Re8 25. Qxh6+
Kg8 26. Rgxg7+ Qxg7 27. Qxg7#)  (23... Rxf7 24. Qd8+ Rf8 25. Qxf8#)  (23...
cxd3 24. Rxf8+ Kh7 25. Nc4 Qa1+ 26. Rf1 Qc3 27. Qe4+ Kg8 28. Ne5 {etc} ) 24.
Qxh6+ gxh6 25. Rh7#) 23... Qc7 24. Rg6 f5 25. Rf3 Rf6 26. Rgg3 Bb7 27. e4 Ne7
28. e5 Ng6 29. Qh3 Nxe5 30. Nxe5 Qxe5 31. Rf1 Qb2 32. Bb1 Rd8 0-1

[Event "Club Championships"]
[Site "Wellington Chess Club"]
[Date "2017.10.19"]
[Round "5.2.5"]
[White "Barraza, Jesse"]
[Black "Brockway, Andrew"]
[Result "1/2-1/2"]
[WhiteElo "1890"]
[BlackElo "1899"]

1. e4 c5 2. Nc3 g6 3. d4 cxd4 4. Qxd4 Nf6 5. Be3 Nc6 6. Qd2 Bg7 7. f3 d6 8.
O-O-O Qa5 9. Kb1 Be6 10. a3 a6 11. Nd5 Qxd2 12. Rxd2 Bxd5 13. exd5 Ne5 14. Nh3
O-O 15. Ng5 Rfc8 16. b3 h6 17. Ne4 Nxe4 18. fxe4 b5 { (=) } 19. Be2 Rab8 20.
Bd4 Rc7 21. c3 Nd7 22. Bxg7 Kxg7 23. Kb2 Ne5 24. Rc2 Rc5 25. Kc1 Rbc8 26. Kd2
Nd7 27. Rhc1 Ne5 28. c4 bxc4 29. Bxc4 a5 30. Be2 Nd7 31. b4 axb4 32. axb4 Rxc2+
33. Rxc2 Rb8 34. Rc7 Ne5 35. Kc3 Kf8 36. Ba6 Ke8 37. Rc8+ Rxc8+ 38. Bxc8 Kd8
39. Ba6 Kc7 { (=) } 40. Be2 Kb6 41. Kd4 Nd7 42. h4 h5 43. g4 hxg4 44. Bxg4 Ne5
45. Be2 Nd7 46. Bg4 Ne5 47. Be2 Nd7 48. Ke3 Ne5 49. Kf4 f6 50. h5 gxh5 51. Bxh5
Kb5 52. Kf5 Kxb4 53. Ke6 Kc5 54. Kxe7 Kd4 55. Kxd6 Kxe4 56. Ke6 Kd4 57. d6 Nd3
58. Kxf6 Nc5 59. Ke7 Ke5 60. Bg4 Kd5 61. Bf3+ Ke5 62. Bc6 Kf5 63. Kd8 Ke6 64.
Kc7 Na6+ 1/2-1/2

[Event "Club Championships"]
[Site "Wellington Chess Club"]
[Date "2017.10.19"]
[Round "5.3.1"]
[White "Thorpe, Richard"]
[Black "Day, Fabian"]
[Result "0-1"]
[WhiteElo "1727"]
[BlackElo "1784"]

1. e4 g6 2. d4 Bg7 { B06 Robatsch (Modern) Defense } 3. Nf3 d6 4. Be3 c5 5. c3
Nf6 6. dxc5 Nxe4 7. Qd5 Nf6 {White missed the obvious 7. Qa5+} 8. Bb5+ Nbd7 9.
Qb3 dxc5 10. Bxc5 O-O 11. Bd4 e5 12. Be3 a6 13. Bxd7 Nxd7 14. Nbd2 h6 15. O-O-O
b5 16. Ne4 Qc7 17. Qd5 Bb7 18. Qxd7 Qxd7 19. Rxd7 Bxe4 20. Ne1 Rfd8 21. Re7 Rd6
22. f3 Bf5 23. g4 Be6 24. b3 Rc8 25. Kc2 Rdc6 26. Bd2 e4 27. fxe4 Bxc3 28. Rxe6
fxe6 29. Bxc3 Rxc3+ 30. Kd2 Rc1 31. Ke3 Ra1 32. Rf1 Rf8 33. Rxf8+ Kxf8 34. Nf3
Rxa2 35. h4 Rb2 36. Nd2 a5 37. Kd3 a4 38. Kc3 a3 0-1

[Event "Club Championships"]
[Site "Wellington Chess Club"]
[Date "2017.10.19"]
[Round "5.3.2"]
[White "Sole, Michael"]
[Black "Rabina, Romeo"]
[Result "1-0"]
[WhiteElo "1632"]
[BlackElo "1767"]

1. e4 b6 2. d4 Bb7 3. Bd3 e6 4. Nc3 Bb4 5. Ne2 Nc6 6. O-O Bxc3 7. bxc3 d6 8. d5
Ne5 9. c4 Nf6 10. Bb2 exd5 11. cxd5 O-O 12. Nd4 Bc8 13. f4 Neg4 14. Qf3 Bd7 15.
h3 Nh6 16. e5 Ne8 17. e6 fxe6 18. dxe6 Nf6 19. exd7 Qxd7 20. Bb5 Qc8 21. Nc6
Kh8 22. Rae1 Qf5 23. Nd4 Qc5 24. Qc6 Nf5 25. Qxc5 dxc5 1-0

[Event "Club Championships"]
[Site "Wellington Chess Club"]
[Date "2017.10.19"]
[Round "5.3.3"]
[White "Dixon, Hamish"]
[Black "Wight, Joshua"]
[Result "1-0"]
[WhiteElo "1697"]
[BlackElo "1609"]

1. e4 b6 2. d4 Bb7 3. Nc3 e6 4. Nf3 Bb4 5. a3 Bxc3+ 6. bxc3 Bxe4 7. Bd3 Bb7 8.
O-O Nf6 9. Bg5 h6 10. Bh4 g5 11. Bg3 Nh5 12. Re1 Nxg3 13. hxg3 Qf6 14. Qe2 Nc6
15. d5 Ne7 16. dxe6 fxe6 17. Ne5 O-O-O 18. Qh5 Rdf8 19. Ng4 Qxc3 20. a4 Qc5 21.
Re5 Qd4 22. Ree1 Ng8 23. a5 Nf6 24. Nxf6 Rxf6 25. Re2 1-0

[Event "Club Championships"]
[Site "Wellington Chess Club"]
[Date "2017.10.19"]
[Round "5.3.5"]
[White "Stracy, Don"]
[Black "Forlong-Ford, Colwyn"]
[Result "1-0"]
[WhiteElo "1737"]
[BlackElo "1738"]

1. e4 e6 2. d4 Bb4+ 3. c3 Ba5 4. Nf3 d5 5. Nbd2 c6 6. Bd3 Nd7 7. O-O Ne7 8. Re1
O-O 9. b4 Bc7 10. Nb3 e5 11. Bg5 f6 12. Bh4 exd4 13. cxd4 dxe4 14. Bxe4 Nb6 15.
Qc2 g6 16. Rac1 Bg4 17. h3 Bxf3 18. Bxf3 Nf5 19. g3 Nxh4 20. gxh4 Qd6 21. Bg2
Qxb4 22. Nc5 Rfe8 23. Qb3+ Qxb3 24. axb3 Rxe1+ 25. Rxe1 Rb8 26. Re7 Na8 27. Ne6
Bd6 28. Rg7+ Kh8 29. d5 cxd5 30. Bxd5 b5 31. Rxa7 Nb6 32. Bf3 Nc8 33. Rd7 Be7
34. Bb7 Nd6 35. Bc6 Nf5 36. Be4 Nd6 37. Bd5 Nf5 38. Be4 Nd6 39. Bd5 Nc8 40. Be4
f5 41. Bf3 Rb6 42. Ng5 Kg7 43. Bb7 Kh6 44. Bxc8 Bxg5 45. hxg5+ Kxg5 46. Rxh7
Rc6 47. Bd7 Rc7 48. Kg2 Kf6 1-0

[Event "Club Championships"]
[Site "Wellington Chess Club"]
[Date "2017.10.19"]
[Round "5.4.1"]
[White "Leask, Hamish"]
[Black "Tagos, Bernardo"]
[Result "1-0"]
[WhiteElo "1570"]
[BlackElo "1483"]

1. e4 e6 2. d4 b6 3. Nc3 Bb4 4. a3 Bxc3+ 5. bxc3 Bb7 6. Qg4 g6 7. e5 d6 8. Bg5
Qc8 9. Nf3 Nd7 10. Bc4 h6 11. Bf4 h5 12. Qh3 Bxf3 13. Qxf3 Nh6 14. O-O d5 15.
Bd3 c5 16. c4 dxc4 17. Bxc4 cxd4 18. Bxh6 Rxh6 19. Bb5 a6 20. Bxd7+ Kxd7 21.
Qxf7+ Kc6 22. Rfd1 Kd5 23. Qf4 Qf8 24. Qxd4+ Kc6 25. Qd7+ Kc5 26. Qxe6 Rd8 27.
Rxd8 Qxd8 28. Qf6 Qxf6 29. exf6 g5 30. Re1 Kd5 31. f7 Rf6 32. Re7 Kd6 33. Ra7
Ke6 34. f8=Q Rxf8 35. Rxa6 Rb8 36. Kf1 Kd5 37. Ra7 Re8 38. f3 Re5 39. Kf2 Kc4
40. Ra4+ Kc3 41. Rb4 b5 42. h4 Kxc2 43. hxg5 Rxg5 44. f4 Rf5 45. Kf3 Kd3 46. a4
bxa4 47. Rxa4 Rc5 48. Re4 h4 49. Re5 Rc7 50. Rh5 Kd4 51. Rxh4 Kd5 52. Rh5+ Ke6
53. Kg4 Rg7+ 54. Rg5 Rh7 55. Rg6+ Kf7 56. Kg5 Rh2 57. g4 Rb2 58. f5 Rb5 59. Re6
Rb8 60. Kh5 Kg7 61. g5 Rh8+ 62. Rh6 Rd8 63. f6+ Kg8 64. Rg6+ Kf7 65. Rg7+ Kf8
66. Kg6 Rd2 67. Rb7 Rd8 68. Kh6 Rd2 69. Kg6 Rd8 70. Re7 Kg8 71. Rg7+ Kf8 72.
Rh7 Ke8 73. Rh8+ Kd7 74. Rxd8+ Kxd8 75. f7 Ke7 76. Kg7 Kd6 77. f8=Q+ Kd5 78. g6
Ke5 79. Kh7 Ke6 80. g7 Kd5 81. g8=R Ke6 82. Rg7 Kd5 83. Re7 Kc6 84. Qd8 Kb5 85.
Rc7 Kb6 86. Qb8+ Ka6 87. Ra7# 1-0

[Event "Club Championships"]
[Site "Wellington Chess Club"]
[Date "2017.10.19"]
[Round "5.4.3"]
[White "Kibblewhite, Daniel"]
[Black "Theodosiou, Andreas"]
[Result "1-0"]
[WhiteElo "1400"]
[BlackElo "1493"]

1. d4 Nf6 2. c4 g6 3. Nc3 Bg7 4. Nf3 c6 5. e3 d5 6. Be2 dxc4 7. Bxc4 b5 8. Bd3
O-O 9. O-O Bg4 10. h3 Bh5 11. g4 Nxg4 12. hxg4 Bxg4 13. Be2 b4 14. Ne4 Bh3 15.
Re1 Qd7 16. Nfg5 Bf5 17. Ng3 Qc8 18. Nxf5 Qxf5 19. e4 Qd7 20. Be3 Qc7 21. e5
Bh6 22. Ne6 fxe6 23. Bxh6 Rf5 24. Bg4 Nd7 25. Bxf5 exf5 26. Qb3+ 1-0

[Event "Club Championships"]
[Site "Wellington Chess Club"]
[Date "2017.10.19"]
[Round "5.4.4"]
[White "Hall, Nathan"]
[Black "De Briey, Aurian"]
[Result "1-0"]
[WhiteElo "1278"]
[BlackElo "1549"]

1. e4 c6 2. Nc3 d5 3. f4 e5 4. d3 d4 5. Nce2 Bg4 6. fxe5 Nd7 7. c3 Bxe2 8. Nxe2
dxc3 9. bxc3 Nxe5 10. d4 Qh4+ 11. Ng3 O-O-O 12. Qa4 Ng4 13. Qxa7 Nxh2 14. Qa8+
Kc7 15. Qa5+ Kc8 16. Qf5+ Rd7 17. Kf2 Bd6 18. e5 Be7 19. Rb1 Nh6 20. Bxh6 gxh6
21. Rxh2 Qxh2 22. Rxb7 Rd8 23. Ba6 Rg8 24. Qxd7# 1-0

[Event "Club Championships"]
[Site "Wellington Chess Club"]
[Date "2017.10.19"]
[Round "5.4.6"]
[White "Asher, Bruce"]
[Black "Darr, Samuel"]
[Result "0-1"]
[WhiteElo "1258"]
[BlackElo "1444"]

1. e4 e6 2. Nf3 d5 3. Nc3 c5 4. d4 Nc6 5. Bb5 a6 6. Bxc6+ bxc6 7. O-O Ne7 8.
dxc5 Qa5 9. Be3 Ng6 10. Qd4 Rb8 11. b3 Rb4 12. Qd2 Bxc5 13. Nd4 Bxd4 14. Bxd4
e5 15. Ba7 d4 16. Na4 Rxa4 17. Qg5 Rxa2 18. Rxa2 Qxa2 19. Bb6 f6 20. Qd2 Be6
21. Qb4 Qxc2 22. Qd6 Bxb3 23. Qd8+ Kf7 24. Qd7+ Ne7 25. Bd8 Re8 26. f4 Qxe4 27.
Qc7 Qd5 28. Bxe7 Rxe7 29. Qb8 exf4 30. Qxf4 d3 31. Qh4 d2 32. Rxf6+ gxf6 33.
Qxh7+ Ke8 34. Qh8+ Qg8 35. Qh5+ Bf7 36. Qd1 Re1+ 0-1

[Event "Club Championships"]
[Site "Wellington Chess Club"]
[Date "2017.10.19"]
[Round "5.4.7"]
[White "Proctor, Matthew"]
[Black "Konakanchi, Pramodh"]
[Result "0-1"]
[WhiteElo "1478"]
[BlackElo "1106"]

1. e4 e5 2. Nf3 Nc6 3. Bc4 Nf6 4. Ng5 d5 5. exd5 Nxd5 $6 6. d4 $1 {after the
disaster of my attempt at the Fried Liver in week 2 I took R Winter's advice
and played the Lolli}  ( {Proctor v Asher 2017} 6. Nxf7 $5 Kxf7 7. Qf3+ Ke8 $2
8. Nc3 $4 Nf6 9. d4 Nxd4 10. Qe3 Nxc2+ 11. Ke2 Nxe3 12. Bxe3 Bb4 13. Rad1 Qe7
14. Nd5 Nxd5 15. Rxd5 Be6 {0-1} ) 6... exd4 7. O-O Be7 8. Qf3 $4
{Unfortunately, I didn't study that properly either...}  (8. Nxf7 Kxf7 9. Qf3+
Ke6 (9... Ke8 10. Bxd5 $18) 10. Nc3 (10. Re1+ $18) 10... dxc3 11. Re1+ Ne5 12.
Bf4 Bf6 13. Bxe5 Bxe5 14. Rxe5+ Kxe5 15. Re1+ Kd4 16. Bxd5 $18) 8... Bxg5 9.
Bxd5 (9. Re1+ Be6 $19) 9... O-O 10. Bxg5 Qxg5 11. Re1 (11. Bxc6 bxc6 12. Qxc6
Rb8 13. Qxc7 $17) 11... Ne5 12. Qe4 Re8 {Black threatens to fork on f3+ (the
g-pawn is pinned), and a revealed back-rank mate Rxe1#} 13. Re2 $4 ( {After}
13. Bxf7+ Kxf7 {White has no continuation}  (13... Nxf7 $4 14. Qxe8#) )  (13.
Na3 {is the only safe continuation} ) 13... Bh3 $4 ( {I had not (and would not)
see the threat of Qc1+} 13... Nf3+ 14. Kf1 Qc1+ 15. Re1 Qxe1+ 16. Qxe1 Rxe1#)
14. Bxb7 $4 ( {I considered} 14. Nd2 $19 {which would have at least kept the
game alive} )  ( {though I overlooked the far preferable fork} 14. f4 $1 Bxg2 (
14... Qg6 15. fxe5 Bf5 $18) 15. fxg5 Bxe4 16. Bxe4 $18) 14... Rab8 {is not
necessary - the mating line of the text is playable immediately} 15. Bc6 Nf3+
16. Qxf3 Qc1+ 17. Re1 Qxe1# 0-1

[Event "Club Championships"]
[Site "Wellington Chess Club"]
[Date "2017.10.19"]
[Round "5.4.8"]
[White "Zhao, Aiden"]
[Black "Bennett, Ezra"]
[Result "0-1"]
[WhiteElo "1279"]
[BlackElo "1427"]

1. e4 e5 2. Nf3 Nc6 3. Bc4 Be7 4. O-O a6 5. Re1 Nf6 6. d3 Bc5 7. Nc3 Ng4 8. h3
Nxf2 9. Qe2 Nxd3+ 10. Be3 Bxe3+ 11. Qxe3 Nxe1 12. Qxe1 d6 13. Qf2 O-O 14. b3
Be6 15. Bd3 Nd4 16. Nxd4 exd4 17. Qxd4 c5 18. Qf2 Qg5 19. Qf3 Qe5 20. Be2 Rad8
21. Nd1 Qxa1 0-1

[Event "Club Championships"]
[Site "Wellington Chess Club"]
[Date "2017.10.19"]
[Round "8.2.1"]
[White "Rossiter, Philip"]
[Black "Barraza, Jesse"]
[Result "1-0"]
[WhiteElo "1978"]
[BlackElo "1890"]

1. c4 f5 2. g3 Nf6 3. Bg2 d6 4. Nc3 e5 5. d3 Be7 6. Nf3 O-O 7. O-O Qe8 8. Bd2
Qh5 9. Nd5 Nxd5 10. cxd5 Nd7 11. Rc1 Nf6 12. Qb3 Bd8 13. Rc2 Kh8 14. Ng5 Ng4
15. h3 Nxf2 16. Rxf2 Bxg5 17. Bf3 Qh6 18. Bxg5 Qxg5 19. Rxc7 e4 20. dxe4 fxe4
21. Bxe4 Rxf2 22. Kxf2 Bxh3 23. Qf3 Qd2 24. Kg1 Qxb2 25. Kh2 Qxa2 26. Kxh3 a5
27. Qf5 1-0

[Event "Club Championships"]
[Site "Wellington Chess Club"]
[Date "2017.10.26"]
[Round "5.2"]
[White "Jackson, Ross"]
[Black "Mullan, Brett"]
[Result "1/2-1/2"]
[WhiteElo "1945"]
[BlackElo "1923"]

1. d4 Nf6 2. c4 e6 3. Nc3 Bb4 4. Nf3 O-O 5. Bg5 h6 6. Bh4 d5 7. cxd5 exd5 8.
Qb3 Bxc3+ 9. Qxc3 c6 10. e3 g5 11. Bg3 Ne4 12. Qa3 Nd7 13. Bd3 Nxg3 14. hxg3
Kg7 15. O-O-O Nf6 16. Ne5 Ne4 17. Rdf1 Qd6 18. Qa5 b6 19. Qe1 f5 20. f3 Nf6 21.
Qd1 c5 22. Kb1 Be6 23. g4 fxg4 24. Nxg4 Bxg4 25. fxg4 Rae8 26. Rh3 Ne4 27. Bxe4
Rxe4 28. Rxf8 Qxf8 29. Rf3 Qe7 30. dxc5 Qxc5 31. Rf5 Rxe3 32. Rxd5 Qb4 33. Rd7+
Re7 34. a3 Qe4+ 35. Ka1 Qe6 1/2-1/2

[Event "Club Championships"]
[Site "Wellington Chess Club"]
[Date "2017.10.26"]
[Round "6.1.1"]
[White "Nyberg, Michael"]
[Black "Sellen, Ian"]
[Result "0-1"]
[WhiteElo "2101"]
[BlackElo "2056"]

1. Nf3 Nf6 2. d4 d5 3. e3 Bf5 4. c4 c6 5. Nc3 e6 6. b3 Bb4 7. Bd2 Qa5 8. Qc1
Ne4 9. Nxe4 Bxe4 10. Bxb4 Qxb4+ 11. Nd2 Bg6 12. Be2 Nd7 13. O-O Qe7 14. f4 O-O
15. Nf3 Rac8 16. Qe1 b6 17. Rc1 Nf6 18. Ne5 Be4 19. cxd5 cxd5 20. Ba6 Rc7 21.
Qd2 Ne8 22. Be2 Nd6 23. Rxc7 Qxc7 24. Rc1 Qb7 25. Bg4 Rc8 26. Be2 Rc7 27. a4
Qc8 28. Rxc7 Qxc7 29. Nd3 Nf5 30. Ne1 a5 31. Bg4 Nd6 32. Be2 Nf5 33. Bd3 Nd6
34. Bf1 Bg6 35. Qb2 Ne4 36. Nd3 f6 37. b4 Qc3 38. Qxc3 Nxc3 39. bxa5 bxa5 40.
Nc5 Kf7 41. Bb5 Ke7 42. Kf2 Ne4+ 43. Ke2 Nxc5 44. dxc5 Kd8 45. Kd2 Kc7 46. Kc3
e5 47. g3 Be4 48. Be8 h6 49. h4 Bf3 50. h5 Kd8 51. Bf7 Kd7 52. fxe5 fxe5 53.
Kd3 Kc6 54. Bg6 Kxc5 55. e4 d4 56. Be8 Kb4 57. Bf7 Bd1 58. Be6 Bxa4 59. g4 Bd1
60. Kd2 Bf3 61. Bf5 Kb3 62. Be6+ Kb2 63. Bd7 Bxe4 64. Ba4 0-1

[Event "Club Championships"]
[Site "Wellington Chess Club"]
[Date "2017.10.26"]
[Round "6.1.2"]
[White "Dive, Russell"]
[Black "Forster, Bill"]
[Result "0-1"]
[WhiteElo "2434"]
[BlackElo "2093"]

1. Nf3 d5 2. c4 c6 3. b3 Nf6 4. Bb2 Bf5 5. g3 e6 6. Bg2 h6 7. O-O Nbd7 8. d3
Be7 9. Nbd2 O-O 10. Re1 dxc4 11. bxc4 Nc5 12. Qc2 Bh7 13. a4 Ne8 14. a5 Nc7 15.
Bc3 f6 16. Nb3 N7a6 17. Nfd2 Qd7 18. f4 Rfd8 19. Red1 Qe8 20. Qb2 Rab8 21. Nxc5
Bxc5+ 22. d4 Be7 23. e4 Kh8 24. Nf1 Qf8 25. Rab1 Rd7 26. Ne3 Rbd8 27. Kh1 Qf7
28. Bf3 Bf8 29. Qg2 Kg8 30. Rb3 Kh8 31. Rdb1 Rb8 32. Qb2 Kg8 33. Qe2 Kh8 34.
Re1 Rbd8 35. Ng4 c5 36. d5 Nb4 37. Bxb4 cxb4 38. Qf2 Rc8 39. Qxa7 Bc5 40. dxe6
Qxe6 0-1

[Event "Club Championships"]
[Site "Wellington Chess Club"]
[Date "2017.10.26"]
[Round "6.1.3"]
[White "Ker, Anthony"]
[Black "Nijman, Brian"]
[Result "1-0"]
[WhiteElo "2489"]
[BlackElo "2147"]

1. e4 e6 2. d4 d5 3. e5 c5 4. c3 Bd7 5. Nf3 a6 6. a4 cxd4 7. cxd4 Nc6 8. Be2
Qb6 9. O-O Rc8 10. b3 Nge7 11. Bb2 Nf5 12. g4 Nfe7 13. Bc3 h5 14. h3 hxg4 15.
hxg4 Ng6 16. a5 Qd8 17. Qd2 Nh4 18. Qf4 Be7 19. Nbd2 g5 20. Qe3 Ng6 21. Rfc1
Kf8 22. Nf1 Kg7 23. Ne1 Rh4 24. Ng3 Nf4 25. Nd3 Na7 26. Bd2 Rxc1+ 27. Rxc1
Nxe2+ 28. Qxe2 Bb5 29. Nh5+ Kh6 30. f3 Nc6 31. Qe3 Bxd3 32. Qxd3 f5 33. exf6
Bxf6 34. Be1 Rxh5 35. gxh5 Qe8 36. Bf2 Qxh5 37. Kg2 Kg7 38. Re1 g4 39. fxg4
Qxg4+ 40. Qg3 Qxg3+ 41. Kxg3 Kf7 42. Rd1 Nxa5 43. Rd3 Nc6 44. Kf4 Ke7 45. Ke3
Bg5+ 46. Ke2 Kd7 47. Rh3 Na5 48. Kd1 Bf4 49. Kc2 e5 50. dxe5 Bxe5 51. Rh7+ Kc6
52. Be1 Bc7 53. Bxa5 Bxa5 54. Rh6+ Kb5 55. Kd1 Kc5 {Somehow Anthony managed to
eke a win out of this. Unfortunately, I only have one scoresheet, and I can't
decipher the rest} 1-0

[Event "Club Championships"]
[Site "Wellington Chess Club"]
[Date "2017.10.26"]
[Round "6.1.4"]
[White "Perry, Roger"]
[Black "Timergazi, Layla"]
[Result "0-1"]
[WhiteElo "2124"]
[BlackElo "2158"]

1. e4 c6 2. d4 d5 3. e5 c5 4. dxc5 Nc6 5. a3 e6 6. Nf3 Bxc5 7. b4 Bb6 8. Bd3 a6
9. Bb2 Nge7 10. O-O Ng6 11. Re1 O-O 12. Nbd2 Bc7 13. c4 dxc4 14. Bxc4 b5 15.
Ba2 Bb7 16. Rc1 Qb8 17. Qe2 Rd8 18. Nb3 Nf4 19. Qe4 Nxe5 20. Qc2 Nxf3+ 21. gxf3
Nd3 22. Qxc7 Nxe1 23. Qxb8 Nxf3+ 24. Kg2 Raxb8 25. Nc5 Ne1+ 26. Kf1 Nd3 0-1

[Event "Club Championships"]
[Site "Wellington Chess Club"]
[Date "2017.10.26"]
[Round "6.1.5"]
[White "Jackson, Ross"]
[Black "Croad, Nicolas"]
[Result "0-1"]
[WhiteElo "2020"]
[BlackElo "2393"]

1. d4 Nf6 2. c4 e6 3. Nc3 Bb4 4. f3 O-O 5. e4 d5 6. Bg5 dxe4 7. fxe4 e5 8. d5
h6 9. Bxf6 Qxf6 10. Nf3 Bg4 11. Be2 Nd7 12. O-O Qb6+ 13. Kh1 Bxc3 14. bxc3 Qe3
15. Qd3 Qxd3 16. Bxd3 Rfe8 17. h3 Bh5 18. g4 Nc5 19. Bc2 Bg6 20. Rfe1 a5 21. a4
Ra6 22. Nd2 Rf6 23. Rf1 Rf4 24. Rxf4 exf4 25. Rf1 f6 26. Kg2 Bf7 27. Kf3 g5 28.
Nb3 Nd7 {I'm not sure this is correct} 0-1

[Event "Club Championships"]
[Site "Wellington Chess Club"]
[Date "2017.10.26"]
[Round "6.2.1"]
[White "Mullan, Brett"]
[Black "Brockway, Andrew"]
[Result "1/2-1/2"]
[WhiteElo "1800"]
[BlackElo "1899"]

1. e4 c5 2. Nf3 g6 3. d4 cxd4 4. Nxd4 Bg7 5. c4 Nc6 6. Be3 d6 7. Nc3 Nf6 8. Be2
Nxd4 9. Bxd4 O-O 10. O-O Be6 11. Rc1 Ne8 12. Bxg7 Nxg7 13. b3 Qa5 14. Rc2 Rac8
15. Nd5 Bxd5 16. Qxd5 Qxd5 17. exd5 b6 18. Re1 Rc7 19. Bd3 Re8 20. Rce2 Kf8 21.
f4 f5 22. h3 Nh5 23. Rf2 Nf6 24. g3 Kg7 25. Kg2 h5 26. Kf3 Kf7 27. Rfe2 Rd8 28.
Re6 Rdc8 29. R1e2 Re8 30. R6e3 Rec8 31. Rh2 Rg8 32. Rhe2 Re8 33. a4 a5 34. Rb2
Ra7 35. Ree2 Rea8 36. Bc2 Nd7 37. g4 hxg4+ 38. hxg4 fxg4+ 39. Kxg4 Rh8 40. Rg2
Nf6+ 41. Kf3 Rh3+ 42. Kf2 Rh6 43. Kf3 Rh3+ 44. Rg3 Rxg3+ 45. Kxg3 Ra8 46. Bd3
Nd7 47. Rh2 Kg7 48. Kf3 Rf8 49. Ke3 Kf6 50. Rh6 Rg8 51. Bc2 Nf8 52. Kf3 Kg7 53.
Rh3 Kf6 54. Rg3 Rh8 55. Bd3 Rh2 56. Rg2 Rh3+ 57. Rg3 Rh2 58. Rg2 1/2-1/2

[Event "Club Championships"]
[Site "Wellington Chess Club"]
[Date "2017.10.26"]
[Round "6.2.2"]
[White "Farrington, Lawrence"]
[Black "Benitez, Edgar"]
[Result "0-1"]
[WhiteElo "1855"]
[BlackElo "1809"]

1. e4 e5 2. Nf3 Nc6 3. Nc3 Nf6 4. Bb5 d6 5. d4 exd4 6. Nxd4 Bd7 7. O-O Be7 8.
Re1 O-O 9. Nd5 Nxd4 10. Nxe7+ Qxe7 11. Bxd7 Nxc2 12. Bh3 Nxe1 13. Qxe1 Qxe4 14.
Be3 Nd5 15. Rc1 c6 16. Rd1 Rfe8 17. Bd2 Qxe1+ 18. Bxe1 Re2 19. Rb1 Rae8 20. Kf1
Nf4 21. Bg4 R2e7 22. Bc3 d5 23. Bf3 Nd3 24. g3 b5 25. a3 Ne5 26. Be2 Nc4 27.
Bf3 a5 28. Kg2 Rb7 29. Rc1 b4 30. axb4 axb4 31. Bd4 b3 32. Rxc4 dxc4 33. Bxc6
Rd8 34. Bc3 Rb6 35. Ba5 Rxc6 36. Bxd8 c3 37. bxc3 b2 0-1

[Event "Club Championships"]
[Site "Wellington Chess Club"]
[Date "2017.10.26"]
[Round "6.2.2"]
[White "Rossiter, Philip"]
[Black "Coghini, Phillip"]
[Result "0-1"]
[WhiteElo "1978"]
[BlackElo "1888"]

1. c4 g6 2. d4 Nf6 3. f3 d5 4. cxd5 Nxd5 5. e4 Nb6 6. Nc3 Bg7 7. Be3 N8d7 8.
Qd2 h5 9. h4 e5 10. d5 a6 11. Bd3 Qe7 12. Nge2 Nc5 13. O-O-O Bd7 14. Kb1 Nxd3
15. Qxd3 Nc8 16. Nc1 Nd6 17. Nb3 b6 18. Rc1 Bh6 19. Bxh6 Rxh6 20. Nd2 Kd8 21.
Nc4 Rh7 22. Nxd6 Qxd6 23. Qe3 f6 24. g3 Kc8 25. Rhe1 Kb7 26. Rcd1 Re8 27. f4
Rf8 28. Rf1 Rhf7 29. f5 Rg7 30. Qh6 Rfg8 31. fxg6 Rxg6 32. Qxh5 Bg4 33. Qh7
Bxd1 34. Rxd1 Rxg3 35. Qf7 R8g7 36. Qe8 Qd7 37. Qh8 Rg1 38. Rxg1 Rxg1+ 39. Kc2
Rg2+ 40. Kc1 Qh3 41. Qh5 Qd3 0-1

[Event "Club Championships"]
[Site "Wellington Chess Club"]
[Date "2017.10.26"]
[Round "6.2.3"]
[White "Aldridge, Alan"]
[Black "Chen, Wei Kai"]
[Result "1/2-1/2"]
[WhiteElo "1936"]
[BlackElo "1813"]

1. d4 Nf6 2. c4 e6 3. Nc3 Bb4 4. Qc2 O-O 5. Nf3 d5 6. e3 c5 7. Bd3 Nc6 8. a3
Bxc3+ 9. bxc3 Re8 10. O-O e5 11. cxd5 Qxd5 12. e4 Qd6 13. d5 Ne7 14. Bb5 Rd8
15. a4 Bg4 16. Qd3 a6 17. Bc4 Nd7 18. a5 f5 19. Bg5 Nf6 20. Nd2 h6 21. Bxf6
Qxf6 22. f3 Bh5 23. Rfb1 Rd7 24. Qe3 Kh8 25. Rb6 Qg5 26. Qxg5 hxg5 27. Rab1 Ra7
28. Nb3 Nc8 29. Re6 fxe4 30. Rxe5 b5 31. axb6 Nxb6 32. Rxg5 Bf7 33. Bxa6 c4 34.
Nc5 Rxd5 35. Rxd5 Nxd5 36. Bxc4 exf3 37. gxf3 Nxc3 38. Rb8+ Kh7 39. Bxf7 Rxf7
40. Ne6 Re7 41. Ng5+ Kg6 1/2-1/2

[Event "Club Championships"]
[Site "Wellington Chess Club"]
[Date "2017.10.26"]
[Round "6.3.1"]
[White "Day, Fabian"]
[Black "Sole, Michael"]
[Result "1-0"]
[WhiteElo "1784"]
[BlackElo "1632"]

1. e4 c5 2. Nf3 d6 3. d4 cxd4 4. Nxd4 Nf6 5. Nc3 a6 6. Bg5 e6 7. f4 Qc7 8. Qe2
h6 9. Bh4 Nbd7 10. O-O-O Be7 11. g4 b5 12. a3 Bb7 13. Bg2 Rc8 14. Bg3 Qa5 15.
Nb3 Qb6 16. Bf2 Nc5 17. Kb1 Qc7 18. h4 h5 19. g5 Ng4 20. Bxc5 dxc5 21. g6 O-O
22. Bh3 f5 23. exf5 exf5 24. Qe6+ Kh8 25. Rd7 Qc6 26. Qxe7 Qxh1+ 27. Ka2 Rg8
28. Bxg4 hxg4 29. Qg5 1-0

[Event "Club Championships"]
[Site "Wellington Chess Club"]
[Date "2017.10.26"]
[Round "6.3.3"]
[White "Dixon, Hamish"]
[Black "Rabina, Romeo"]
[Result "1-0"]
[WhiteElo "1697"]
[BlackElo "1767"]

1. e4 b6 2. d4 e6 3. Nf3 Bb7 4. Bd3 Nf6 5. e5 Nd5 6. O-O Qc8 7. a3 c5 8. c4 Nc7
9. Be3 cxd4 10. Bxd4 Be7 11. Nbd2 O-O 12. Ne4 Ne8 13. Re1 Nc6 14. Bc3 f5 15.
exf6 Bxf6 16. Nxf6+ Nxf6 17. Bc2 Qc7 18. Qd3 g6 19. Ng5 Ng4 20. Qh3 Qxh2+ 21.
Qxh2 Nxh2 22. Kxh2 Rxf2 23. Be4 Raf8 24. Nf3 Na5 25. Kg3 Bxe4 26. Kxf2 1-0